[Event "BL 2017-18"]
[Site "Germany"]
[Date "2018.04.30"]
[Round "14"]
[White "Bok, Benjamin"]
[Black "Van Foreest, Lucas"]
[Result "1-0"]
[WhiteElo "2613"]
[BlackElo "2485"]
[Annotator "TA"]
[PlyCount "51"]
[EventDate "2018.05.24"]
[EventType "team-tourn"]
[EventCountry "GER"]
[SourceTitle "playchess.com"]
[Source "ChessBase"]
[SourceQuality "1"]
[WhiteTeam "Solingen"]
[BlackTeam "Aachen"]

{[%evp 16,51,4,0,0,0,0,0,17,3,18,4,4,16,0,2,11,8,17,0,0,-13,-7,0,0,0,0,0,5,0,0,0,34,34,64,49,237,244]} 1. c4 Nf6 2. Nc3 e6 {[%cal Be7e6,Be6d5][%mdl 32]} 3. e4 d5 4. cxd5 exd5 5. e5 Ne4 6. Nf3 Bf5 {A18: English Opening: Flohr-Mikenas System (1 c4 Nf6 2 Nc3 e6 3 e4)} 7. d3 Nxc3 8. bxc3 c5 9. d4 {LiveBook: 6 Games} c4 10. g3 Be7 11. Bg2 Na6 $146 ({Predecessor:} 11... Bd3 12. Ng1 Qa5 13. Bd2 Nc6 14. Ne2 {½-½ (52) Carlsen,M (2843)-Aronian,L (2794) Karlsruhe/Baden-Baden 2018}) 12. O-O b5 13. Ne1 Qd7 14. Nc2 Bd3 15. Re1 O-O 16. a3 Nc7 17. h4 a5 18. Bg5 b4 19. cxb4 Bxg5 20. hxg5 axb4 21. Nxb4 Bf5 22. Qd2 Ra4 23. Ra2 Rb8 24. Rea1 Qb5 25. Rb2 Qb6 $2 {[#]} (25... Raa8 $14) 26. Raa2 $1 {Precision: White = 83%, Black = 60%.} 1-0

[Event "BL 2017-18"]
[Site "Germany"]
[Date "2018.04.30"]
[Round "14"]
[White "Andersen, Mads"]
[Black "Braun, Christian"]
[Result "1/2-1/2"]
[WhiteElo "2606"]
[BlackElo "2391"]
[Annotator "TA"]
[PlyCount "153"]
[EventDate "2018.05.24"]
[EventType "team-tourn"]
[EventCountry "GER"]
[SourceTitle "playchess.com"]
[Source "ChessBase"]
[SourceQuality "1"]
[WhiteTeam "Solingen"]
[BlackTeam "Aachen"]

{[%evp 22,153,33,27,97,91,85,77,75,75,76,80,86,81,110,110,110,111,116,108,112,113,108,123,158,161,158,163,163,153,163,158,167,154,145,149,168,147,184,183,172,118,121,89,87,91,93,77,70,69,76,77,93,81,97,86,97,79,107,103,109,73,74,56,54,47,114,114,114,114,114,114,114,110,120,109,118,120,106,91,95,89,92,99,95,27,30,0,0,0,0,0,0,0,0,0,0,0,0,0,0,0,0,0,0,0,0,0,0,0,0,0,0,0,0,0,0,0,0,0,0,0,0,0,0,0,0,0,0,0,0,0,0,0]} 1. Nf3 Nf6 2. c4 g6 3. Nc3 c5 4. e4 d6 5. d4 cxd4 6. Nxd4 Bg7 7. Be2 Nc6 8. Be3 O-O 9. O-O Bd7 10. Nc2 Rc8 11. f3 Be6 {B38: Sicilian: Maroczy Bind with 5...Bg7 and 7...0-0} (11... a6 12. Qd2 Ne5 13. Na3 Re8 14. Rab1 Qc7 15. Rfc1 Qa5 16. Rc2 {½-½ (16) Bacrot,E (2695)-Gharamian,T (2672) Belfort 2012}) 12. Qd2 {LiveBook: 13 Games} a5 (12... Nd7 $11 {keeps the balance.}) 13. Rac1 Nd7 {White is better.} 14. Rfd1 Nc5 {[#]} 15. Na3 $146 ({Predecessor:} 15. b3 Ra8 16. Nd5 Re8 17. Rb1 f5 18. Nf4 Qc8 19. Nxe6 Qxe6 20. exf5 Qxf5 {½-½ (31) Serper,G (2560)-Hracek,Z (2510) Jakarta 1994}) 15... a4 16. Nd5 Re8 17. Nb5 Qa5 18. Qxa5 Nxa5 19. Nbc7 Bxb2 20. Rc2 a3 {...Bxd5 would now be nice for Black.} 21. Nxe8 Rxe8 22. Bc1 Bd7 {Threatening ...Ba4.} 23. Bxb2 axb2 24. Rxb2 f6 25. Kf2 Kf7 26. Nb6 Be6 27. Rc1 Nc6 28. Ke3 Rg8 29. g3 Ne5 30. f4 Ned7 31. Nxd7 (31. Ra1 $18) 31... Bxd7 $16 32. e5 fxe5 33. fxe5 dxe5 34. Bf3 Ra8 35. Rc3 Ra7 36. Rf2 Ke8 37. h4 Ra4 38. Rb2 Ra7 39. h5 gxh5 40. Bxh5+ Kd8 41. Bd1 Ra6 42. Rd2 Rg6 $1 {[%cal Rg6g3]} 43. g4 Ke8 ({Black should play} 43... h5 $14) 44. Rd5 b6 45. Rxe5 Bxg4 46. Bxg4 Rxg4 {[%mdl 4096] Endgame KRR-KRN} 47. Kf3 Rh4 {[#] Hoping for ...Rh3+.} 48. Kg3 Rd4 {Black wants to play ...Ne4+.} 49. Rc2 Kd7 50. Rh5 Ne4+ 51. Kg2 Nf6 52. Rb5 Kc6 53. a4 (53. Kf3 $16) 53... Ne4 $11 54. Re5 Rd2+ {The position is equal.} 55. Rxd2 Nxd2 56. Rxe7 Nxc4 57. Rxh7 {KR-KN} Kc5 58. Kf3 Kb4 59. Rh4 b5 60. axb5 Kxb5 61. Ke4 Nd6+ 62. Kd5 Nc8 63. Rh1 Nb6+ 64. Kd4 Kc6 65. Rc1+ Kd6 66. Rc5 Nd7 67. Ra5 Ke6 68. Ra6+ Kf5 69. Ra7 Nf6 70. Re7 Ng4 71. Rf7+ Nf6 72. Rf8 Ke6 73. Ra8 Kf5 74. Ra5+ Ke6 75. Re5+ Kd6 76. Re2 Nd7 77. Ke4 {Precision: White = 72%, Black = 69%.} 1/2-1/2

[Event "BL 2017-18"]
[Site "Germany"]
[Date "2018.04.30"]
[Round "14"]
[White "Lagarde, Maxime"]
[Black "Michalik, Peter"]
[Result "1-0"]
[WhiteElo "2591"]
[BlackElo "2563"]
[Annotator "TA"]
[PlyCount "57"]
[EventDate "2018.05.24"]
[EventType "team-tourn"]
[EventCountry "GER"]
[SourceTitle "playchess.com"]
[Source "ChessBase"]
[SourceQuality "1"]
[WhiteTeam "SF Deizisau"]
[BlackTeam "Schwaebisch Hall"]

{[%evp 17,57,22,11,0,-14,-23,-22,-17,-19,-12,-15,-35,-4,-8,0,0,0,0,0,0,0,0,45,50,72,64,58,67,158,166,158,163,176,178,175,186,1020,1002,29997,-240,29998,29999]} 1. e4 e5 2. Nf3 Nf6 3. Nxe5 d6 4. Nf3 Nxe4 5. Nc3 Nxc3 6. dxc3 Be7 7. Be3 O-O 8. Qd2 {C42: Petroff Defence: 3 Nxe5 and unusual White 3rd moves} Nd7 9. O-O-O Nf6 {LiveBook: 16 Games} 10. c4 {The position is equal.} (10. h3 c5 11. Bf4 Be6 12. a3 d5 13. Ng5 Bd7 14. g4 Bc6 15. Bg2 Re8 {½-½ (98) Caruana,F (2784)-Hou,Y (2654) Karlsruhe/Baden-Baden 2018}) 10... c5 11. Bd3 b5 12. cxb5 a6 {Strongly threatening ...axb5.} 13. b6 Qxb6 14. c4 $146 ({Predecessor:} 14. Rhe1 Be6 15. Bh6 Rfb8 {0-1 (32) Leonova,A (1824)-Filippova,D (2018) Moscow 2018}) 14... d5 15. cxd5 Nxd5 {[#]} 16. Bxh7+ $1 {[%mdl 512]} Kxh7 17. Qc2+ Kg8 18. Rxd5 Rb8 19. Rhd1 Bb7 20. Ng5 $1 $40 {[%csl Gg5][%cal Rc2h7][%mdl 128] White mounts an attack.} (20. Bxc5 Qh6+ 21. Be3 Qh8 $11) 20... g6 {[#]} 21. Rd7 $1 {[%cal Rd7e7]} ({Don't play} 21. Bxc5 $6 Bxc5 22. Rxc5 Rfc8 $15) 21... Qf6 $1 22. h4 $1 Bc6 (22... Rfe8 $14) 23. Rxe7 $1 $16 Qxe7 24. Bxc5 Qf6 25. Rd6 Qf4+ 26. Kb1 {White wants to mate with Rxg6+!} Qxh4 $2 {[#]} (26... Be8) 27. Rxg6+ $1 $18 {[%mdl 512]} fxg6 28. Qxg6+ Kh8 {[#]} 29. Bd4+ $1 {[%mdl 512] Precision: White = 84%, Black = 45%.} 1-0

[Event "BL 2017-18"]
[Site "Germany"]
[Date "2018.04.30"]
[Round "14"]
[White "Hracek, Zbynek"]
[Black "Hausrath, Daniel"]
[Result "1/2-1/2"]
[WhiteElo "2583"]
[BlackElo "2499"]
[Annotator "TA"]
[PlyCount "72"]
[EventDate "2018.05.24"]
[EventType "team-tourn"]
[EventCountry "GER"]
[SourceTitle "playchess.com"]
[Source "ChessBase"]
[SourceQuality "1"]
[WhiteTeam "Werder Bremen"]
[BlackTeam "Muelheim"]

{[%evp 22,72,31,24,61,55,70,57,72,77,93,61,111,99,159,93,82,87,88,93,93,85,91,85,95,8,8,9,36,8,48,36,41,33,40,56,60,50,66,0,32,0,-7,-25,0,0,8,0,0,0,20,0,23]} 1. e4 c6 2. d4 d5 3. e5 Bf5 4. h4 h6 5. g4 Bd7 6. h5 e6 7. f4 c5 {B12: Caro-Kann: Advance Variation} 8. c3 Qb6 9. Nf3 Nc6 10. Rh2 Rc8 11. Be3 cxd4 12. cxd4 {LiveBook: 6 Games} Bb4+ 13. Kf2 $1 Na5 {[#]} 14. Kg1 $146 ({Predecessor:} 14. b3 Ne7 15. Kg1 O-O 16. Rg2 Rc7 {1-0 (26) Gelashvili,T (2578)-Shankland,S (2597) ICC INT 2012}) 14... Nc4 {[#]} 15. Bc1 $1 f6 16. b3 {[%cal Bb2b3,Bb3b4][%mdl 32]} Na5 17. Bb2 Nc6 (17... Kd8 $142 18. Rc2 Rxc2 19. Qxc2 Nc6) 18. Rf2 (18. a3 $142) 18... Qd8 19. a3 Ba5 20. b4 Bb6 21. Nc3 {Threatens to win with Nb5.} Nge7 22. Na4 f5 {[%cal Bf6f5,Bf5g4,Bg4g3][%mdl 32]} 23. Nc5 ({Better is} 23. g5 $16) 23... Bxc5 $1 $11 24. dxc5 fxg4 25. Nh4 $1 g3 26. Rg2 {[%cal Bf2g2,Bg2g3,Bg3d3,Bd3d2][%mdl 32] Hoping for Qg4.} O-O 27. Qg4 Nf5 $1 28. Nxf5 Rxf5 29. Bd3 $40 {[%mdl 128] White has some attack.} Ne7 $1 30. Rxg3 {[%csl Gg3][%cal Rg4g7] [#]} Qf8 31. Bxf5 Nxf5 32. Rd3 Bb5 33. Rd2 {The position is equal.} Qf7 34. Bd4 Be8 35. Bf2 Qd7 36. a4 Bf7 {Precision: White = 64%, Black = 62%.} 1/2-1/2

[Event "BL 2017-18"]
[Site "Germany"]
[Date "2018.04.30"]
[Round "14"]
[White "Tomczak, Jacek"]
[Black "Vogel, Roven"]
[Result "1/2-1/2"]
[WhiteElo "2583"]
[BlackElo "2434"]
[Annotator "TA"]
[PlyCount "48"]
[EventDate "2018.05.24"]
[EventType "team-tourn"]
[EventCountry "GER"]
[SourceTitle "playchess.com"]
[Source "ChessBase"]
[SourceQuality "1"]
[WhiteTeam "SFR Berlin"]
[BlackTeam "Dresden"]

{[%evp 20,48,15,0,54,30,8,-6,5,-40,-41,-18,-27,-20,0,0,0,0,38,34,61,-9,47,45,118,9,33,-1,-2,0,0]} 1. e4 c6 2. d4 d5 3. e5 Bf5 4. Nf3 e6 5. Be2 c5 6. Be3 cxd4 7. Nxd4 Ne7 8. c4 {B12: Caro-Kann: Advance Variation} (8. Nd2 Nbc6 9. N2f3 Bg4 10. O-O g6 11. h3 Bxf3 12. Nxf3 Bg7 13. Bf4 O-O 14. c3 Qc7 15. Re1 Nxe5 {½-½ (59) Dominguez Perez,L (2739)-So,W (2788) Saint Louis 2017}) 8... dxc4 9. Nc3 a6 10. Qa4+ Nbc6 11. Rd1 {LiveBook: 7 Games} Qa5 (11... Bd3 $11 12. Bxd3 cxd3) 12. Qxa5 Nxa5 13. O-O $146 ({Predecessor:} 13. Nxf5 Nxf5 14. Bb6 Nc6 15. f4 Rc8 16. Bxc4 Bb4 {1-0 (29) Soln,P (2325)-Sitnik,I (2250) Ljubljana 1997}) 13... Rc8 14. Na4 b5 15. Nb6 $1 {[%cal Rb6c8]} Rb8 $1 16. a4 Nac6 17. Nxc6 $40 {[%mdl 128] White has some attack.} Nxc6 18. Nd7 {[#] Hoping for Bf3.} Rd8 19. Bf3 Nb4 20. Nc5 ({White should play} 20. Nxf8 $14 Bd3 21. Bc5) 20... Be7 ({Black should try} 20... Rxd1 $11 21. Rxd1 Bxc5 22. Bxc5 Nd3 23. Bc6+ Kd8 24. axb5 Kc7) 21. Rxd8+ $14 Bxd8 22. Bd2 (22. axb5 $16 axb5 23. Ra1) 22... Nd5 23. Nxa6 bxa4 {[#] And now ...a3! would win.} 24. Rc1 Bd3 {Precision: White = 36%, Black = 23%.} 1/2-1/2

[Event "BL 2017-18"]
[Site "Germany"]
[Date "2018.04.30"]
[Round "14"]
[White "Babula, Vlastimil"]
[Black "Zwirs, Nico"]
[Result "1-0"]
[WhiteElo "2554"]
[BlackElo "2378"]
[Annotator "TA"]
[PlyCount "67"]
[EventDate "2018.05.24"]
[EventType "team-tourn"]
[EventCountry "GER"]
[SourceTitle "playchess.com"]
[Source "ChessBase"]
[SourceQuality "1"]
[WhiteTeam "Werder Bremen"]
[BlackTeam "Muelheim"]

{[%evp 25,66,10,6,0,18,1,15,-17,-11,-23,0,0,0,0,27,0,22,0,41,34,50,29,139,135,170,167,318,310,406,403,627,599,602,550,1100,1062,2825,2777,29991,29992,29998,29999,29999]} 1. d4 Nf6 2. c4 g6 3. Nc3 Bg7 4. e4 d6 5. Nf3 O-O 6. Be2 e5 7. O-O Nc6 8. d5 Ne7 9. b4 Nh5 10. g3 f5 11. Ng5 a5 12. bxa5 Nf6 13. f3 Rxa5 14. a4 {E97: King's Indian: Classical Main Line (6...e5 7 0-0 Nc6): 8 Be3 and 8 d5 Ne7, not 9 Ne1} (14. Bd2 Kh8 15. a4 c6 16. Rb1 Ra8 17. Be3 f4 18. Bb6 Qe8 19. g4 h6 20. Nh3 h5 21. c5 dxc5 22. Bxc5 {1-0 (30) Van Wely,L (2689)-Roeder,M (2398) Germany 2012}) 14... b6 15. Bd2 Ra8 16. Bd3 $146 {The position is equal.} ({Predecessor:} 16. Rb1 f4 17. Kg2 Bd7 18. Qb3 {1-0 (73) Sutkus,V (2412)-Enricci,J (2431) ICCF email 2013}) 16... f4 (16... h6 $5 17. Ne6 $8 Bxe6 18. dxe6 f4 $11) 17. Kg2 Bh6 18. Ne6 $1 {[%cal Re6d8]} Bxe6 $1 19. dxe6 Nh5 20. a5 (20. c5 $5) 20... Ng7 21. Qb3 {axb6 is the strong threat.} bxa5 22. c5 $1 dxc5 23. Na4 $36 {[%mdl 2048] White is more active.} Qd4 {[#]} (23... Qd6 $11 {keeps the balance.}) 24. Rad1 $1 $16 Rab8 {[#]} 25. Qc2 $1 c4 $2 ({Wrong is} 25... Nxe6 $2 26. Bc4 $18) (25... Qd6 {might work better.}) 26. Bxc4 $18 Qa7 27. Bc3 Rfd8 (27... fxg3 $142 28. hxg3 Rfe8 29. Bxe5 Nh5) 28. Bxe5 fxg3 29. hxg3 Ne8 30. Rd7 Bf8 31. Qd2 Qa8 32. Qf4 {[%csl Gc4,Ge6][%cal Rf4f7] White mates.} Nd6 {[#]} 33. Qf7+ $1 {[%mdl 512]} Nxf7 34. exf7# {Precision: White = 73%, Black = 10%.} 1-0

[Event "BL 2017-18"]
[Site "Germany"]
[Date "2018.04.30"]
[Round "14"]
[White "Handke, Florian"]
[Black "Van Kampen, Robin"]
[Result "1/2-1/2"]
[WhiteElo "2534"]
[BlackElo "2651"]
[Annotator "TA"]
[PlyCount "46"]
[EventDate "2018.05.24"]
[EventType "team-tourn"]
[EventCountry "GER"]
[SourceTitle "playchess.com"]
[Source "ChessBase"]
[SourceQuality "1"]
[WhiteTeam "Aachen"]
[BlackTeam "Solingen"]

{[%evp 9,46,40,49,37,38,32,36,18,24,28,25,16,33,24,43,29,45,-4,15,27,35,-14,0,-47,-37,-38,-9,-20,-21,-37,-38,-23,0,0,0,0,0,0,0]} 1. e4 e5 2. Nf3 Nc6 3. Bb5 g6 4. c3 a6 5. Ba4 Bg7 (5... d6 6. d4 Bd7 7. O-O Bg7 8. Re1 Nf6 9. h3 O-O 10. Bc2 Re8 11. Nbd2 b6 12. Nf1 h6 13. Ng3 Qe7 14. Be3 Qf8 15. Qd2 Rad8 16. Rad1 Na7 {0-1 (42) Hou,Y (2652)-Caruana,F (2802) chess.com INT 2017}) 6. O-O {C70: Ruy Lopez: 3...a6 4 Ba4, Norwegian and Delayed Schliemann} b5 7. Bc2 d6 8. d4 {White is slightly better.} exd4 9. Nxd4 Bb7 $146 ({Predecessor:} 9... Nxd4 10. cxd4 Ne7 11. Nc3 O-O 12. Bg5 f6 13. Bh4 g5 14. Bg3 b4 {0-1 (32) Quigley,D (2109)-Elburg,J (2330) SEMI email 1999}) 10. a4 Nge7 11. Be3 b4 12. a5 O-O 13. Ra4 bxc3 14. Nxc3 Rb8 15. h3 Ba8 16. Bd3 Nb4 17. Bb1 Qd7 18. Ra3 Rfd8 19. Nde2 c5 20. Qc1 Nbc6 21. Rd1 {The position is equal.} Qb7 22. Rd2 Qc7 23. Bg5 Re8 {Precision: White = 45%, Black = 58%.} 1/2-1/2

[Event "BL 2017-18"]
[Site "Germany"]
[Date "2018.04.30"]
[Round "14"]
[White "Schlosser, Philipp"]
[Black "Zpevak, Pavel"]
[Result "1-0"]
[WhiteElo "2511"]
[BlackElo "2343"]
[Annotator "TA"]
[PlyCount "125"]
[EventDate "2018.05.24"]
[EventType "team-tourn"]
[EventCountry "GER"]
[SourceTitle "playchess.com"]
[Source "ChessBase"]
[SourceQuality "1"]
[WhiteTeam "SF Deizisau"]
[BlackTeam "Schwaebisch Hall"]

{[%evp 22,125,22,28,38,27,30,27,18,22,28,25,61,56,49,59,60,52,57,52,59,66,64,62,65,62,36,32,51,52,88,29,62,55,126,123,187,141,262,235,245,167,175,107,107,104,122,131,297,309,304,292,313,313,300,292,299,234,272,211,219,193,193,193,193,193,206,200,193,187,183,131,176,147,188,188,178,214,198,121,219,214,215,212,217,204,233,230,228,222,201,227,237,192,161,179,198,181,551,569,569,558,485,479,5177,4561]} 1. Nf3 d5 2. g3 c6 3. Bg2 Bg4 4. O-O Nd7 5. d3 Ngf6 6. Nbd2 e5 7. e4 Bd6 8. h3 Bh5 9. exd5 cxd5 10. c4 {A07: Réti Opening: New York and Capablanca Systems} O-O 11. cxd5 Nxd5 12. Ne4 {LiveBook: 3 Games. The position is equal.} (12. Qb3 N5b6 13. Ne4 Be7 14. a4 Bxf3 15. Bxf3 Kh8 16. a5 f5 17. Nc3 Nc5 {1-0 (50) Efimenko,Z (2647)-Lalith,B (2553) Al Ain 2015}) 12... N7b6 13. Qb3 $146 ({Predecessor:} 13. d4 exd4 14. Nxd6 Qxd6 15. Qxd4 Rac8 {1-0 (29) Dean,P (2180)-Tanti,J (2172) ICCF email 2015}) 13... Re8 14. d4 exd4 15. Nxd6 Qxd6 16. Nxd4 Qc5 17. Nf5 $1 Bg6 18. Be3 Nxe3 19. Nxe3 Be4 20. Rfc1 Qe7 21. Bxe4 Qxe4 22. Rc7 Re7 23. Rxe7 Qxe7 24. a4 {[%cal Ba2a4,Ba4a5][%mdl 32] Hoping for a5.} Rd8 25. a5 Na8 26. Rc1 (26. Ra4 $16) 26... h6 27. Qc4 a6 (27... Rd7 $14) 28. b4 $16 Kh7 (28... Rd7 $16) 29. h4 h5 (29... Rd7 $16 {was necessary.}) 30. Qf4 $18 g6 31. Kg2 Rd6 32. Rc8 (32. Qf3 $1 $18) 32... Nc7 $16 33. Qf3 $1 Nb5 34. Rb8 $1 $40 {[%cal Rb8b7][%mdl 128] White has strong attack.} Nd4 $2 (34... Qe6 $16) 35. Rxb7 $18 ({Less strong is} 35. Qxb7 Qe6 $16) 35... Rd7 36. Rxd7 Qxd7 37. Qd5 Qa7 38. Kf1 Kg7 39. Ke1 Kf8 40. Kd2 Ne6 41. Kc3 Qc7+ 42. Nc4 Qa7 43. Qd6+ Kg7 44. Nb6 Qb7 45. Qe5+ Kh7 46. Qd5 (46. Nd5 $18) 46... Qc7+ 47. Nc4 Qa7 48. Ne3 $1 Qc7+ 49. Kd2 Qe7 50. Qc4 Qd6+ (50... Qf6 $16) 51. Ke2 Kg7 52. Kf1 Nc7 53. Kg2 Kg8 54. Nc2 Nb5 {[#]} 55. Ne1 $1 Kg7 56. Nf3 Nc7 57. Qd4+ Qxd4 58. Nxd4 {KN-KN} Kf6 {[#]} 59. f4 $1 Nd5 $2 (59... Ke7 {is more resistant.} 60. Kf3 Kd6) 60. b5 {White is clearly winning.} axb5 {intending ...Nc7.} 61. Nxb5 Nb4 62. Nc7 Ke7 (62... Nc6 $142 63. a6 Na7 64. Nd5+ Ke6) 63. a6 {Precision: White = 78%, Black = 37%.} 1-0

[Event "BL 2017-18"]
[Site "Germany"]
[Date "2018.04.30"]
[Round "14"]
[White "Sprenger, Jan Michael"]
[Black "Maiwald, Jens-Uwe"]
[Result "1/2-1/2"]
[WhiteElo "2496"]
[BlackElo "2441"]
[Annotator "TA"]
[PlyCount "51"]
[EventDate "2018.05.24"]
[EventType "team-tourn"]
[EventCountry "GER"]
[SourceTitle "playchess.com"]
[Source "ChessBase"]
[SourceQuality "1"]
[WhiteTeam "SFR Berlin"]
[BlackTeam "Dresden"]

{[%evp 16,51,58,33,34,18,26,21,22,10,15,11,28,24,22,35,47,39,34,32,46,32,36,-5,0,-8,0,0,0,-20,-21,-18,-3,-8,-3,-7,-12,-24]} 1. e4 d6 2. d4 Nf6 3. Nc3 e5 4. Nf3 Nbd7 5. Bc4 Be7 6. a4 O-O 7. O-O a6 8. Re1 b6 {C41: Philidor Defence} 9. d5 {LiveBook: 21 Games} (9. h3 Bb7 10. d5 Ne8 11. b4 Bc8 12. a5 b5 13. Bd3 g6 14. Ne2 Ng7 15. c4 bxc4 16. Bxc4 {½-½ (34) Anand,V (2779)-Jobava,B (2702) Doha 2016}) 9... a5 10. Bb5 Nc5 11. Nd2 $146 ({Predecessor:} 11. Ra3 h6 12. h3 Nh7 13. Be3 Ng5 14. Bc6 Nxf3+ 15. Qxf3 Rb8 16. Qh5 {½-½ (29) Luther,T (2495)-Schmaltz,R (2440) Lippstadt 1996}) 11... Nfd7 12. Nc4 Bg5 13. Bc6 Rb8 14. Bxg5 Qxg5 15. Nb5 Na6 16. Na7 Ndc5 17. Nxc8 Rbxc8 18. Bb5 f5 19. Nd2 (19. exf5 {is interesting.} Rxf5 20. Qe2 Rcf8 21. Rf1 R5f7 22. c3) 19... fxe4 {The position is equal.} 20. Bxa6 Nxa6 21. Nxe4 Qf5 (21... Qg6 {feels hotter.} 22. Qd3 Nb4 23. Qb3 Qf7 24. Rad1 Na6) 22. c3 Nc5 23. f3 Nxe4 24. Rxe4 Rf7 25. b4 Ra8 26. Qe2 $1 {Precision: White = 55%, Black = 78%.} 1/2-1/2

[Event "BL 2017-18"]
[Site "Germany"]
[Date "2018.04.30"]
[Round "14"]
[White "Zaragatski, Ilja"]
[Black "Predojevic, Borki"]
[Result "0-1"]
[WhiteElo "2495"]
[BlackElo "2640"]
[Annotator "TA"]
[PlyCount "102"]
[EventDate "2018.05.24"]
[EventType "team-tourn"]
[EventCountry "GER"]
[SourceTitle "playchess.com"]
[Source "ChessBase"]
[SourceQuality "1"]
[WhiteTeam "Aachen"]
[BlackTeam "Solingen"]

{[%evp 16,102,-6,-6,-5,-5,-8,-12,-12,0,-7,-35,-18,-32,-38,-38,-30,-58,-53,-68,-73,-68,-70,-90,-82,-84,-79,-96,-78,-116,-96,-122,-122,-105,-119,-112,-120,-124,-122,-117,-129,-164,-162,-183,-163,-228,-234,-242,-241,-233,-204,-233,-170,-262,-249,-290,-286,-610,-610,-1280,-1066,-12833,-12834,-12834,-12834,-12835,-12835,-12838,-12836,-12836,-12837,-12840,-12839,-12841,-12841,-12841,-12842,-12850,-12850,-12850,-29970,-12851,-29969,-12851,-29970,-12851,-29963,-12851,-29970]} 1. c4 g6 2. g3 Bg7 3. Bg2 Nf6 4. Nc3 O-O 5. d3 d6 6. Rb1 a5 7. a3 e5 {A16: English Opening: 1...Nf6 with ...d5} (7... c6 8. e4 Nbd7 9. Nge2 e5 10. O-O Nc5 11. b4 axb4 12. axb4 Ne6 13. Bd2 Bd7 14. Ra1 Qb6 15. Na4 {0-1 (47) Neef,M (2441)-Demchenko,A (2611) Dresden 2016}) 8. b4 axb4 9. axb4 {LiveBook: 9 Games} c6 {The position is equal.} 10. e4 Be6 $146 ({Predecessor:} 10... Re8 11. h3 h6 12. b5 Be6 13. Nf3 d5 14. exd5 cxd5 15. O-O dxc4 16. Nxe5 {0-1 (39) Wenzel,R (2280)-Von Buelow,G (2295) Germany 1998}) 11. Nge2 d5 12. exd5 cxd5 13. cxd5 Nxd5 14. O-O Nc6 $36 {[%cal Bb8c6,Bc6e7,Be7d5,Bd5c7,Bc7e6][%mdl 2080] Black has the initiative.} 15. b5 {Black must now prevent Nxd5.} Nce7 16. Bb2 Qb6 17. Nxd5 Bxd5 18. Bxd5 Nxd5 19. Qb3 Rfd8 20. Rfe1 Nc7 21. Bc1 Ne6 22. Be3 Qd6 23. Ra1 Rxa1 24. Rxa1 Qxd3 25. Qxd3 Rxd3 26. Ra7 Rd7 27. Ra8+ Bf8 28. g4 Kg7 29. Ng3 Nc7 30. Bh6+ (30. Rc8 {was called for.}) 30... Kxh6 $19 31. Rxf8 {[%mdl 4096] Endgame KRN-KRN} Kg7 32. Rb8 Nxb5 33. Ne4 {intending g5.} h6 34. h4 (34. Kg2 $142) 34... Nd6 35. Nxd6 Rxd6 36. Rxb7 $2 {KR-KR} (36. Kh2) 36... Rd4 37. f3 h5 38. gxh5 gxh5 39. Kf2 Rxh4 40. Rb5 f6 41. Kg3 Rd4 42. Rb8 Rd3 43. Re8 Kg6 44. Rg8+ Kf5 45. Rh8 {[#]} e4 $1 46. Rxh5+ Kg6 47. Kg4 Rxf3 48. Rg5+ Kf7 49. Ra5 {[#]} f5+ $1 50. Kg5 (50. Rxf5+ Rxf5) 50... Ke6 (50... e3 $19 51. Ra7+ Ke6 52. Ra6+ Kd5) 51. Rb5 e3 {Precision: White = 27%, Black = 92%.} 0-1